000 00510nam a22001817a 4500
003 OSt
005 20260616094314.0
008 260616b |||||||| |||| 00| 0 eng d
020 _a9780076664221
040 _cChuka University Library
050 _aQ 11160 .M33 2018
100 _aMcLaughlin Charles William
_929312
245 _aPhysical science
260 _aColumbus
_bMcGraw Hill
_c2018
300 _avarious paging
_bcolored illustration
650 _aPhysical science
_920429
942 _2lcc
_cBK
_n0
999 _c24344
_d24344